Leer desde el sur global : (Record no. 11063)

MARC details
000 -LEADER
fixed length control field 03909nam a22003617a 4500
007 - PHYSICAL DESCRIPTION FIXED FIELD--GENERAL INFORMATION
fixed length control field cr c| aaaaa
008 - FIXED-LENGTH DATA ELEMENTS--GENERAL INFORMATION
fixed length control field 250819e20251408ag |||||oz||| 00| 0 spa d
020 ## - INTERNATIONAL STANDARD BOOK NUMBER
International Standard Book Number 9786319127737
040 ## - CATALOGING SOURCE
Transcribing agency AR-FvUNAJ
Modifying agency AR-FvUNAJ
Description conventions aacr2
041 ## - LANGUAGE CODE
Language code of text/sound track or separate title spa
100 1# - MAIN ENTRY--PERSONAL NAME
9 (RLIN) 18552
Personal name Battilana, Carlos
245 10 - TITLE STATEMENT
Title Leer desde el sur global :
Remainder of title Estudios literarios y operaciones críticas, diálogos Europa América Latina siglos XIX al XXI /
Statement of responsibility, etc Coordinadores Mariela Ferrari y Martín Sozzi
260 ## - PUBLICATION, DISTRIBUTION, ETC. (IMPRINT)
Place of publication, distribution, etc Florencio Varela :
Name of publisher, distributor, etc Universidad Nacional Arturo Jauretche,
Date of publication, distribution, etc 2025
300 ## - PHYSICAL DESCRIPTION
Extent 132 p. :
Other physical details Digital
490 ## - SERIES STATEMENT
Series statement Obras colectivas sobre resultados / avances de investigación
Volume number/sequential designation 19
520 ## - SUMMARY, ETC.
Summary, etc Este libro es el resultado de dos instancias vinculadas con el trabajo de investigación que llevamos a cabo en la Universidad Nacional Arturo Jauretche. Por un lado, y como marco general, es el producto de un proyecto de investigación en la Universidad que se desarrolló entre los años 2021 y 2024 bajo el nombre “Estudios literarios y operaciones críticas. Diálogos Europa-América Latina (siglos XIX al XXI)”. Por otro, surge de las presentaciones que realizó un grupo de investigadores en el panel “Límites, márgenes, orillas: aproximaciones y perspectivas sobre lo literario y lo popular en y hacia América Latina”, realizado en el contexto del “III Simposio Internacional Literaturas y Conurbanos. Las literaturas populares: materiales, poéticas y políticas”, en el mes de octubre de 2023. La presente publicación se propone abordar las relaciones entre Europa y América Latina a partir del marco teórico de la literatura comparada y de los giros culturales. El libro está organizado en dos grandes secciones. La primera,“Conformación de los estudios literarios latinoamericanos”, está vinculada con el abordaje de los inicios de los discursos sobre la literatura, de un paradigma teórico-crítico en América Latina que alcanzará cierta plenitud en la década de 1980. La segunda parte del volumen, “Más allá de las proyecciones de la crítica: lo popular en la literatura latinoamericana”, considera tanto las relaciones establecidas entre ciertos textos literarios, como así también las planteadas en algunos géneros, a partir del desvío de algunos paradigmas europeos consolidados. En torno a esos paradigmas, la literatura latinoamericana comenzó también a plantear diferencias propias de una literatura que, luego de las sucesivas independencias nacionales, y a partir de su tenue consolidación hacia finales del siglo XIX, continuó buscando las coordenadas de su expresión propia. Los análisis de obras incluidos en esta segunda sección demuestran esa búsqueda de una identidad (o, de manera contrapuesta, el cuestionamiento de una identidad literaria asumida como unívoca) en un universo nacional, local, global, territorial cada vez más complejo, a lo largo de los siglos subsiguientes y hasta el presente siglo XXI.
540 ## - TERMS GOVERNING USE AND REPRODUCTION NOTE
Terms governing use and reproduction Esta obra está bajo una Licencia Creative Commons Argentina. Atribución - No Comercial - Sin Derivadas 2.5 Argentina (CC BY-NC-ND 2.5 AR)
Uniform Resource Identifier <a href="https://creativecommons.org/licenses/by-nc-nd/2.5/ar/">https://creativecommons.org/licenses/by-nc-nd/2.5/ar/</a>
650 27 - SUBJECT ADDED ENTRY--TOPICAL TERM
Source of heading or term unescot
9 (RLIN) 21855
Topical term or geographic name as entry element LITERATURA COMPARADA
650 27 - SUBJECT ADDED ENTRY--TOPICAL TERM
Source of heading or term unescot
9 (RLIN) 1209
Topical term or geographic name as entry element CRITICA LITERARIA
650 27 - SUBJECT ADDED ENTRY--TOPICAL TERM
Source of heading or term unescot
9 (RLIN) 21856
Topical term or geographic name as entry element ESTUDIOS LITERARIOS
650 27 - SUBJECT ADDED ENTRY--TOPICAL TERM
Source of heading or term unescot
9 (RLIN) 1139
Topical term or geographic name as entry element ANALISIS LITERARIO
700 1# - ADDED ENTRY--PERSONAL NAME
9 (RLIN) 21857
Personal name Cano, Federico
700 1# - ADDED ENTRY--PERSONAL NAME
9 (RLIN) 8435
Personal name Ferrari, Mariela
700 1# - ADDED ENTRY--PERSONAL NAME
9 (RLIN) 21858
Personal name Labado, Silvia Nora
700 1# - ADDED ENTRY--PERSONAL NAME
9 (RLIN) 21664
Personal name Romagnoli, Alejandro
700 1# - ADDED ENTRY--PERSONAL NAME
9 (RLIN) 6855
Personal name Salinas, Martín
700 ## - ADDED ENTRY--PERSONAL NAME
9 (RLIN) 1213
Personal name Sozzi, Martín
830 ## - SERIES ADDED ENTRY--UNIFORM TITLE
9 (RLIN) 20784
Uniform title Obras Colectivas Sobre Resultados : Avances de Investigación
Volume number/sequential designation 19
856 ## - ELECTRONIC LOCATION AND ACCESS
Electronic format type application/pdf
Uniform Resource Identifier <a href="https://rid.unaj.edu.ar/handle/123456789/3348">https://rid.unaj.edu.ar/handle/123456789/3348</a>
942 ## - ADDED ENTRY ELEMENTS (KOHA)
Source of classification or shelving scheme Dewey Decimal Classification
Item type Libro electrónico
980 ## - EQUIVALENCE OR CROSS-REFERENCE-SERIES STATEMENT--PERSONAL NAME/TITLE [LOCAL, CANADA]
Linkage 20072
Personal name Matías Regueira
Field link and sequence number 20072
Miscellaneous information Matías Regueira
Holdings
Withdrawn status Lost status Source of classification or shelving scheme Damaged status Not for loan Collection code Home library Current library Date acquired Total Checkouts Barcode Date last seen Uniform Resource Identifier Price effective from Koha item type
    Dewey Decimal Classification   Acceso en línea + Investigación Repositorio Institucional Digital UNAJ Repositorio Institucional Digital UNAJ 19/08/2025   RID25080072 19/08/2025 https://rid.unaj.edu.ar/handle/123456789/3348 19/08/2025 Libro electrónico

Lunes a Viernes 8:30 a 19:00 hs. Cerrado por mudanza
Av.Calchaqui 6200 Florencio Varela (CP188) 2°piso Edificio Mosconi Aula 209-210
Mail: bibliotecacentralunaj@gmail.com  
Whatsapp(54 9)1122668024    ❔Pregunte a la bibliotecaria
© Universidad Nacional Arturo Jauretche | Secretaría Académica | Biblioteca Central UNAJ